000 00485nam a2200169Ia 4500
008 230917s9999||||xx |||||||||||||| ||und||
020 _cGBP 120.00 (RS 12267.60)
040 _e5012869
_aMAIN
041 _aEnglish
082 _a338.4791 C429R
100 _aChhabra, Deepak
245 0 _aResilience, authenticity and digital heritage tourism
260 _aOxon
_bRoutledge
_c2022
300 _axvi, 233 p.
500 _a4594 26/10/2022 HBD22/9556 15/12/2022 Main Budget
942 _cBK
999 _c6033
_d6033